000
00301nam a2200133Ia 4500
100
_a
Ghanekar/Sadashiv
650
_a
General
942
_c
BK
654
_a
Shivankala
245
_a
Shivankala Tailoring Coursesakith
260
_b
Monorama Prakashan
_a
Pune
_c
1992
300
_a
264
546
_a
MARATHI
999
_c
18790
_d
18790